Catálogo
 En Linea

El astrólogo Fingido / (Registro nro. 40028)

Detalles MARC
000 -CABECERA
campo de control de longitud fija 00844nam a2200193 a 4500
001 - NÚMERO DE CONTROL
campo de control 000040538
005 - FECHA Y HORA DE LA ÚLTIMA TRANSACCIÓN
campo de control 20201002034211.0
008 - DATOS DE LONGITUD FIJA--INFORMACIÓN GENERAL
campo de control de longitud fija 130830s2011 sp 000 0 spa d
020 ## - NÚMERO INTERNACIONAL ESTÁNDAR DEL LIBRO
Número Internacional Estándar del Libro 9788484896326
040 ## - FUENTE DE LA CATALOGACIÓN
Centro catalogador/agencia de origen DO-SdBNP
Lengua de catalogación spa
Centro/agencia transcriptor BNPHU
100 1# - ENTRADA PRINCIPAL--NOMBRE DE PERSONA
Nombre de persona Calderón de la Barca, Pedro
Fechas asociadas al nombre 1600-1681
9 (RLIN) 5547
245 13 - MENCIÓN DE TÍTULO
Título El astrólogo Fingido /
Mención de responsabilidad, etc. Pedro Calderón de la Barca ; edición crítica de las dos versiones de Fernando Rodríguez-Gallego.
260 ## - PUBLICACIÓN, DISTRIBUCIÓN, ETC.
Lugar de publicación, distribución, etc. Madrid :
Nombre del editor, distribuidor, etc. Iberoamericana ;,
Fecha de publicación, distribución, etc. 2011.
300 ## - DESCRIPCIÓN FÍSICA
Extensión 488 p. :
Otras características físicas il. ;
Dimensiones 24 cm.
490 1# - MENCIÓN DE SERIE
Mención de serie Biblioteca Áurea Hispanica ;
-- Comedias Completas de Calderón ;
-- 6
Designación de volumen o secuencia 73
504 ## - NOTA DE BIBLIOGRAFÍA, ETC.
Nota de bibliografía, etc. Incluye referencias bibliográficas y notas al pie de las páginas
700 1# - PUNTO DE ACCESO ADICIONAL--NOMBRE DE PERSONA
Nombre de persona Rodríguez-Gallego, Fernando
Término indicativo de función/relación ed.
9 (RLIN) 66853
830 #0 - PUNTO DE ACCESO ADICIONAL DE SERIE-TÍTULO UNIFORME
Título uniforme Biblioteca Áurea Hispanica ;
Designación de volumen o secuencia 73
Nombre de parte o sección de la obra Comedias Completas de Calderón ;
Número de parte o sección de la obra 6
9 (RLIN) 66854
Existencias
Estado de retiro Estado de pérdida Restricciones de uso No para préstamo Código de colección Localización permanente Ubicación/localización actual Ubicación en estantería Fecha de adquisición Número de inventario Total de préstamos Signatura topográfica completa Código de barras Fecha visto por última vez Precio válido a partir de Tipo de ítem Koha
      Excluido de préstamo Monografías: Libros y Folletos General General En catalogación 30.08.2013 LF1   40538-10 25.06.2020 25.06.2020 No se presta

Con tecnología Koha